banner-ar

دراسات فى التاريخ والاثار الاسلامية / (Record no. 60901)

MARC details
000 -الفاتح
حقل البيانات ثابتة الطول 01528nam a22003377a 4500
005 - وقت وتاريخ اخر تعامل مع التسجيلة
رقم الضبط 20240530110434.0
008 - عناصر البيانات ثابتة الطول - معلومات عامة
حقل البيانات ثابتة الطول 150406s2010 ua bdf g b 000 0aara d
017 ## - رقم الايداع القانونى
رقم الايداع القانونى 2009/17428
المصدر ( الهيئة المختصة) مصر . دار الكتب المصرية
020 ## - الرقم الدولى المعيارى للكتب
الرقم الدولى المعيارى للكتاب 9775471978
040 ## - مصدر الفهرسة
وكالة الفهرسة الأصلية EG-CaGPL
041 1# - رمز اللغة
رمز لغة النص/ المسارات الصوتية أو العنوان الانفرادي ara
رمز لغة المواد المصاحبة من غير نص الأوبرا eng
082 04 - رقم تصنيف ديوى العشرى
رقم الطبعة 21
رقم التصنيف 915.3\
رقم المادة ط د
100 0# - المدخل الرئيسى - إسم شخصى
الإسم الشخصى طارق منصور
245 10 - بيان العنوان
العنوان دراسات فى التاريخ والاثار الاسلامية /
بيان المسئوليه,etc تحرير طارق منصور ، محاسن الوقاد
246 10 - العنوان الموازى
عنوان صحيح/عنوان مختصر Studies on the Islamic History and Monuments :
بقية العنوان Collection of Studies Dedicated to Prof. Ahmed Abdel Raziq Ahmad /
الوسيط Edited by Tarek M. Muhammad & Mahasen M. Al Wakkad
250 ## - بيان الطبعة
بيان الطبعة ط1
260 ## - PUBLICATION, DISTRIBUTION, ETC. (IMPRINT)
تاريخ النشر أو التوزيع 2010 .
300 ## - الوصف المادى
التعداد 247 +29 ص :
تفاصيل ماديه اخرى للوعاء ايض ؛
أبعاد الوعاء 24 سم
504 ## - تبصرة ببليوجرافية
تبصرة ببليوجرافية,الخ يشتمل على ارجاعات ببليوجرافية
650 04 - المدخل الاضافى بالموضوع-مصطلح موضوعى
مصطلح موضوعي الاثار الاسلامية
650 04 - المدخل الاضافى بالموضوع-مصطلح موضوعى
مصطلح موضوعي التاريخ الاسلامى
651 04 - المدخل الاضافى بالموضوع - اسم جغرافى
الاسم الجغرافي مصر
التقسيم الفرعي العام الاثار الاسلامية
651 04 - المدخل الاضافى بالموضوع - اسم جغرافى
الاسم الجغرافي مصر
التقسيم الفرعي العام تاريخ
التقسيم الفرعي الزمني العصر الاسلامى
651 04 - المدخل الاضافى بالموضوع - اسم جغرافى
الاسم الجغرافي مصر
التقسيم الفرعي العام تاريخ
التقسيم الفرعي الزمني عصر المماليك
651 04 - المدخل الاضافى بالموضوع - اسم جغرافى
الاسم الجغرافي مصر
التقسيم الفرعي العام تاريخ
التقسيم الفرعي الزمني العصر الاموى
651 04 - المدخل الاضافى بالموضوع - اسم جغرافى
الاسم الجغرافي مصر
التقسيم الفرعي العام تاريخ
التقسيم الفرعي الزمني العصر الفاطمى
700 0# - المدخل الاضافى - اسم شخصى
الإسم الشخصى محاسن الوقاد
الدور محرر مشارك
942 ## - عناصر المدخل الإضافي( كوها)
مصدر التصنيف او مخطط الترفيف Dewey Decimal Classification
Koha [default] item type كتاب
260 ## - PUBLICATION, DISTRIBUTION, ETC. (IMPRINT)
-- القاهرة :
-- مصر العربية للنشر والتوزيع ،
546 ## - تبصرة اللغة
تبصرة اللغة يشتمل على نص باللغة الانجليزية
Holdings
حالة التراجع حالة الفقد حالة تلف ليس للاعارة المكان المؤقت الموقع الحالى تاريخ الاكتساب اجمالي اﻻعارات رقم الطلب الباركود تاريخ اخر مشاهدة تاريخ تفعيل السعر نوع وعاء كوها
        مكتبة القاهرة الكبرى مكتبة القاهرة الكبرى 04/06/2015   915.3\ ط د 160081 04/06/2015 04/06/2015 كتاب

Powered By

EGPV